USFDF : (Record no. 20065)
[ view plain ]
| 000 -CABECERA | |
|---|---|
| campo de control de longitud fija | 00919nam a2200277 4500 |
| 003 - IDENTIFICADOR DEL NÚMERO DE CONTROL | |
| campo de control | OSt |
| 005 - FECHA Y HORA DE LA ÚLTIMA TRANSACCIÓN | |
| campo de control | 20260601171001.0 |
| 008 - DATOS DE LONGITUD FIJA--INFORMACIÓN GENERAL | |
| campo de control de longitud fija | 260422b2013\\\\mx\a||||\||||\00|\0\spa\d |
| 020 ## - NÚMERO INTERNACIONAL ESTÁNDAR DEL LIBRO | |
| Número Internacional Estándar del Libro | 97829296339761 |
| 040 ## - FUENTE DE LA CATALOGACIÓN | |
| Centro catalogador/agencia de origen | ICI |
| Lengua de catalogación | spa |
| Centro/agencia transcriptor | ICI |
| 050 ## - SIGNATURA TOPOGRÁFICA DE LA BIBLIOTECA DEL CONGRESO | |
| Número de clasificación | HT166 |
| Número de documento/Ítem | L87 2013 |
| 100 #1 - ENTRADA PRINCIPAL--NOMBRE DE PERSONA | |
| Nombre de persona | Onnis Luque, |
| 9 (RLIN) | 31401 |
| 245 #1 - MENCIÓN DE TÍTULO | |
| Título | USFDF : |
| Resto del título | tácticas de apropiación : Unidad Santa Fe / |
| Mención de responsabilidad, etc. | Onnis Luque. |
| 264 ## - PRODUCCIÓN, PUBLICACIÓN, DISTRIBUCIÓN, FABRICACIÓN Y COPYRIGHT | |
| Nombre del de productor, editor, distribuidor, fabricante | FONCA : |
| -- | CONACULTA, |
| Fecha de producción, publicación, distribución, fabricación o copyright | 2013. |
| Producción, publicación, distribución, fabricación y copyright | México : |
| 300 ## - DESCRIPCIÓN FÍSICA | |
| Extensión | 126 páginas |
| Dimensiones | 23cm. |
| 336 ## - TIPO DE CONTENIDO | |
| Término de tipo de contenido | texto |
| Fuente | rdacontent |
| 337 ## - TIPO DE MEDIO | |
| Nombre/término del tipo de medio | sin medio |
| Fuente | rdamedia |
| 338 ## - TIPO DE SOPORTE | |
| Nombre/término del tipo de soporte | volumen |
| Fuente | rdacarrier |
| 500 ## - NOTA GENERAL | |
| Nota general | Obra sobre intervenciones y apropiación del espacio urbano en la Unidad Santa Fe. |
| 650 #0 - PUNTO DE ACCESO ADICIONAL DE MATERIA--TÉRMINO DE MATERIA | |
| Término de materia o nombre geográfico como elemento de entrada | Espacio urbano |
| Subdivisión general | Uso. |
| 9 (RLIN) | 31402 |
| 650 #0 - PUNTO DE ACCESO ADICIONAL DE MATERIA--TÉRMINO DE MATERIA | |
| Término de materia o nombre geográfico como elemento de entrada | Urbanismo |
| Subdivisión general | Aspectos sociales. |
| 650 #0 - PUNTO DE ACCESO ADICIONAL DE MATERIA--TÉRMINO DE MATERIA | |
| Término de materia o nombre geográfico como elemento de entrada | Intervenciones urbanas. |
| 9 (RLIN) | 31404 |
| 650 #0 - PUNTO DE ACCESO ADICIONAL DE MATERIA--TÉRMINO DE MATERIA | |
| Término de materia o nombre geográfico como elemento de entrada | Arte y sociedad. |
| 9 (RLIN) | 1426 |
| 651 #0 - PUNTO DE ACCESO ADICIONAL DE MATERIA--NOMBRE GEOGRÁFICO | |
| Nombre geográfico | Ciudad de México |
| Subdivisión general | Vida urbana. |
| 9 (RLIN) | 31405 |
| 942 ## - ELEMENTOS DE PUNTO DE ACCESO ADICIONAL (KOHA) | |
| Fuente del sistema de clasificación o colocación | Library of Congress Classification |
| Tipo de ítem Koha | Libros |
| Suprimir en OPAC | 1 |
No items available.